LEADER 00742nam a2200181 i 4500 001 000000001427 003 CaOOAMICUS 005 20180830125434.0 008 180830s1938 it u000 u ita u 040 $aSeMil$bita 100 1 $aWeber, Simone.$0(OLS)http://semarc/name/1289 245 13$aLe chiese della Valle di Non nella storia e nell'arte /$cSimone Weber. 260 $aTrento :$bTip. Artigianelli,$c1938. 300 $av. ;$c25 cm. 650 4$aVal di Non - Storia.$0(OLS)http://semarc/subject/508 774 0 $tDecanati di Taio, Denno e Mezzolombardo.$g3$w()215598 996 $6245$aLe chiese della Valle di Non nella storia e nell'arte$9(OLS)http://semarc/title/2299 996 $6260$aTrento :$bTip. Artigianelli$9(OLS)http://semarc/publisher/30256 LEADER 00772nam a2200217 i 4500 001 000000040593 003 CaOOAMICUS 005 20121002000000.0 008 121002s1988 it u000 u ita u 013 $a11763 040 $aSeMil$bita 100 1 $aRiva, Carlo P.$0(OLS)http://semarc/name/18069 245 12$aI curati di Bareggio /$cCarlo Riva P. 260 $aBareggio :$b[s.n.],$c1988. 300 $a303 p. ;$c24 cm. 650 4$aBareggio.$0(OLS)http://semarc/subject/7578 850 $aSeMil 852 $aSeMil$W1$xVenegono$y1$m3P V 192$j6748$B6748$CSeMilBibl$Z2$F6748 $81 961 $aOmaggio: Martini Card. Carlo Maria 996 $6245$aI curati di Bareggio$9(OLS)http://semarc/title/58389 996 $6260$aBareggio :$b[s.n.]$9(OLS)http://semarc/publisher/39927